000 01030nam a2200301 a 4500
001 000016927
003 DO-SdBNP
005 20180320094541.0
007 000016927
008 100312s1996 dr 001 0 spa d
020 _a8492184558
040 _aBPMET
_bspa
_cBPMET
092 _axxx
_bA367t
100 1 _aAlemán, José Luis
245 1 0 _aTecnología, economía y educación en República Dominica /
_cJosé Luis Alemán; editores Rocio Hernández Mella, Marcos Villamán.
260 _aSanto Domingo :
_bFLACSO,
_c1996.
300 _a80 p. ;
_c28 cm.
700 1 _aHernández Mella, Rocio,
_eed.
700 1 _aVillamán, Marcos,
_eed.
710 1 _aFacultad Latinoamericana de Ciencias Sociales
930 1 _lBND01
_mLF1
_820100312
_f04
_pCT
_g11684
_he. 3
930 1 _lBND01
_mLF1
_820100312
_f01
_pCT
_g11682
942 _2ddc
_cBK
945 _ainventariado, 2018 / dg
956 _aSARMENTERO
_b10
_c20100312
_lBND01
_h1024
956 _aIGARCIA
_b10
_c20100317
_lBND01
_h1459
956 _aVMATEO
_b10
_c20150429
_lBMET
_h00151
999 _c7751
_d7751